Los Derechos humanos encuentran en la democracia su mejor garantía /
Desde su aprobación por la ONU el 10 de diciembre de 1948, la Declaración Universal de los Derechos Humanos, su interpretación y su cumplimiento ha contribuído a valorar la vida humana, a respetar derechos inalienables de esta condición. Las características básicas que contribuyen a la tracendentali...
Na minha lista:
| Autor principal: | |
|---|---|
| Formato: | Texto |
| Assuntos: | |
| Tags: |
Adicionar Tag
Sem tags, seja o primeiro a adicionar uma tag!
|
MARC
| LEADER | 00000 a a2200000 04500 | ||
|---|---|---|---|
| 001 | 11136 | ||
| 003 | |||
| 040 | |||
| 100 | |a García Vílchez, Julio Ramón | ||
| 245 | |a Los Derechos humanos encuentran en la democracia su mejor garantía / |c Julio Ramón García Vílchez | ||
| 520 | |a Desde su aprobación por la ONU el 10 de diciembre de 1948, la Declaración Universal de los Derechos Humanos, su interpretación y su cumplimiento ha contribuído a valorar la vida humana, a respetar derechos inalienables de esta condición. Las características básicas que contribuyen a la tracendentalización de estos derechos sugieren que éstos son: imprescriptibles, inalienables, irrenunciables, inviolables, los gobiernos que violen estos derechos son dictaduras totalitarias y antidemocráticas. Hace una reseña histórica de los derechos humanos en el derecho español, inglés, estadounidense y francés. Concluye en la relación indisoluble entre democracia y derechos humanos, partiendo del hecho de que cuando se atenta contra éstos, se atenta contra la paz y la democracia. Además considera al gobierno nicaraguense como totalitario, por lo que se hace necesario el respeto a los derechos humanos y el establecimiento de la democracia. VJ/JM | ||
| 650 | |a DERECHO INTERNACIONAL | ||
| 650 | |a ONU | ||
| 650 | |a ACUERDOS INTERNACIONALES | ||
| 650 | |a DERECHOS HUMANOS | ||
| 650 | |a DERECHOS CIVILES | ||
| 650 | |a AUTODETERMINACION | ||
| 650 | |a DEMOCRATIZACION | ||
| 650 | |a LIBERTAD | ||
| 650 | |a DEMOCRACIA | ||
| 650 | |a SOCIEDAD CIVIL | ||
| 773 | |g número 14; páginas 22-28 | ||
| 999 | |c 35377 |d 35377 | ||
| 773 | 0 | |0 43286 |9 4761 |a Instituto Centroamericano de Estudios Políticos |d Guatemala: Instituto Centroamericano de Estudios Políticos, 1986- |o MFN: 1016 |t Panorama Centroamericano: | |
